| 000 | 00808nam a22002532a 4500 | ||
|---|---|---|---|
| 001 | 24375 | ||
| 003 | UkOxU | ||
| 005 | 20211209001037.0 | ||
| 008 | 140313s1962 nyu 001 0 eng d | ||
| 035 | _aBD-RjUL)24441 | ||
| 040 |
_aCSU _dEQO _beng _cBD-RjUL |
||
| 041 | _aeng | ||
| 082 | 0 | 4 |
_a940.5 _bBEE 1962 |
| 100 | 1 |
_aBenns, Frank Lee, _d1889- _974897 |
|
| 245 | 1 | 0 |
_aEurope since 1914 : _bin its world setting / _cFrank Lee Benns, |
| 250 | _a8th ed | ||
| 260 |
_aNew York : _bAppleton-Century-Crofts, _cc1962 |
||
| 300 |
_axx, 770, 103 p. : _billus., ports., maps (1 fold. col.) ; _c22 cm. |
||
| 504 | _a"Select bibliography": p. 3-58 (3d group) and Index | ||
| 651 | 0 |
_aEurope _xHistory _y1914-1945 _975046 |
|
| 651 | 0 |
_aEurope _xHistory _y1945- _937389 |
|
| 942 |
_2ddc _cBK _01 |
||
| 999 |
_c24375 _d24375 |
||